Орошение земель. ... за 1985-1986 гг. (первое полугодие) (Запись № 6766671)

Подробности
000 -МАРКЕР
контрольное поле 01292nam2a22002411 4500
001 - ИДЕНТИФИКАТОР ЗАПИСИ
контрольное поле rc\637619
005 - ИДЕНТИФИКАТОР ВЕРСИИ
контрольное поле 20250621222137.0
035 ## - ДРУГИЕ СИСТЕМНЫЕ НОМЕРА
Идентификатор записи (NLR Aleph) 005951249
100 ## - ДАННЫЕ ОБЩЕЙ ОБРАБОТКИ
Данные общей обработки 20031121d1986 |||y0rusy50 ca
101 0# - ЯЗЫК РЕСУРСА
Язык текста, звукозаписи и т.д. русский
102 ## - СТРАНА ПУБЛИКАЦИИ ИЛИ ПРОИЗВОДСТВА
Страна публикации Российская Федерация
105 ## - ПОЛЕ КОДИРОВАННЫХ ДАННЫХ: ТЕКСТОВЫЕ МАТЕРИАЛЫ, МОНОГРАФИЧЕСКИЕ
Кодированные данные о монографическом текстовом документе y |||||||||
200 0# - ЗАГЛАВИЕ И СВЕДЕНИЯ ОБ ОТВЕТСТВЕННОСТИ
Основное заглавие ... за 1985-1986 гг. (первое полугодие)
Первые сведения об ответственности [Составитель Новикова С.А.]
210 ## - ПУБЛИКАЦИЯ, РАСПРОСТРАНЕНИЕ И ДР.
Дата издания, распространения и т.д. 1986
Место издания, распространения и т.д. Б. м.
215 ## - ФИЗИЧЕСКАЯ ХАРАКТЕРИСТИКА
Специфическое обозначение материала и объем 44, [1] с.
461 #0 - УРОВЕНЬ НАБОРА
Встроенное поле 001rc\637618
-- 2001#$aОрошение земель$e(Проф.-произв. библиогр. указ. пат. лит. СССР...)$fКаз. НИИ НТИ и техн.-экон. исслед., Респ. науч.-техн. б-ка КазССР$v... за 1985-1986 гг. (первое полугодие)
Системный номер (АБИС) связанной записи 6766666
Место публикации Алма-Ата
Дата публикации 1986
Первые сведения об ответственности Каз. НИИ НТИ и техн.-экон. исслед., Респ. науч.-техн. б-ка КазССР
Имя издателя, распространителя и т.д. Б. и.
Сведения, относящиеся к заглавию (Проф.-произв. библиогр. указ. пат. лит. СССР...)
Заглавие Орошение земель
Номер тома ... за 1985-1986 гг. (первое полугодие)
702 #1 - ИМЯ ЛИЦА - ВТОРИЧНАЯ ОТВЕТСТВЕННОСТЬ
Начальный элемент ввода Новикова
Часть имени, кроме начального элемента ввода С.А.
Код отношения Составитель
801 #0 - ИСТОЧНИК ЗАПИСИ
Страна Российская Федерация
Организация NLR
Правила каталогизации psbo
801 #1 - ИСТОЧНИК ЗАПИСИ
Страна Российская Федерация
Организация ELAR
Источник данных rusmarc
852 ## - МЕСТОНАХОЖДЕНИЕ И ШИФР ХРАНЕНИЯ
Идентификатор организации NLR
Наименование фонда или коллекции (Sub-Location Identifier) Пт
Шифр хранения (Call Number) 10.21/131
942 ## - ДОПОЛНИТЕЛЬНЫЕ ЭЛЕМЕНТЫ ЗАПИСИ (АБИС)
Тип экземпляра АБИС Книга
980 ## - КОЛЛЕКЦИЯ
Название коллекции Национальная библиография
Экземпляры
Тип экземпляра Дата поступления Библиотека постоянного хранения Библиотека текущего хранения Место хранения Шифр хранения Штрих-код Статус экземпляра
Книга 26.10.2013 РНБ (Московский) РНБ (Московский) Фонд нормативно-технических и технических документов Пт 10.21/131 5951249-10